| 000 | 00835nam a22002417a 4500 | ||
|---|---|---|---|
| 003 | DO-SdBNP | ||
| 005 | 20250617120901.0 | ||
| 008 | 210322b ||||| |||| 00| 0 spa d | ||
| 040 |
_aDO-SdBNP _bspa _cBNPHU |
||
| 082 | 4 |
_a306.362097293 _bA333r, 2020 |
|
| 100 | 1 | 0 |
_aAlberti Batista, Celsa _978192 |
| 245 | 1 | 0 |
_aRepública Dominicana, primer pueblo afro-descendiente de América / _cCelsa Alberti Batista |
| 250 | _a2a. ed. | ||
| 260 |
_aSanto Domingo : _bINDAASEL, _c2020 |
||
| 300 |
_a29 p. : _bil ; _c22 cm |
||
| 500 | _aIncluye datos biografícos del autor | ||
| 590 | _aInventariado, 2021 / DG | ||
| 650 | 4 |
_aAfricanos _zRepública Dominicana _940536 |
|
| 650 | 4 | 0 |
_aEsclavitud _zRepública Dominicana _xHistoria _913499 |
| 650 | 4 | 0 |
_aTrata de esclavos _xHistoria _921366 |
| 910 | _aInventariado, 2021 / DG | ||
| 942 |
_2ddc _cLBS1 |
||
| 999 |
_c49636 _d49636 |
||